000 01131nam0a22002651 4500
001 rc\126058
005 20021216141239.1
010 _a5-279-01778-7
_910000
035 _a(NLR Aleph) 005382025
090 _a7110787
_c7110787
100 _a20021216d1997 u |0rusy50 ca
101 0 _arus
102 _aRU
105 _aa |||||||||
200 1 _aСоциальная статистика
_e[Учеб. для вузов по направлению и специальности "Статистика"
_fЭ.К. Васильева, И.И. Елисеева, О.Н. Кашина и др.]
_gПод ред. И.И. Елисеевой
210 _aМ.
_cФинансы и статистика
_d1997
215 _a414, [1] с.
_cил.
_d21
300 _aАвт. указаны на обороте тит. л.
701 1 _aВасильева
_bЭ. К.
_cд-р экон. наук
_f1929-
_gЭвелина Карловна
_3RU\NLR\AUTH\7737724
_4070
702 1 _aЕлисеева
_bИ. И.
_gИрина Ильинична
_4340
801 0 _aRU
_bNLR
_gpsbo
801 1 _aRU
_bELAR
_2rusmarc
852 _aNLR
_j97-3/12420
942 _cBOOK
980 _aNB